000
00219 a2200097 4500
001
47723
100
_a
Popkess B
245
_a
The nuclear survival handbook
260
_a
London
_b
Arrow books
_c
090
_c
30727
_d
30727
942
_a
NUST-CAE
_c
M
_c
23033
999
_c
282796
_d
282796